Normal view
MARC view
- Abbasi, Sohail
Entry Personal Name
001 - CONTROL NUMBER
- control field: 19161
003 - CONTROL NUMBER IDENTIFIER
- control field: NUST
005 - DATE AND TIME OF LATEST TRANSACTION
- control field: 20190807052843.0
008 - FIXED-LENGTH DATA ELEMENTS
- fixed length control field: 190807|| aca||aabn | a|a d
040 ## - CATALOGING SOURCE
- Original cataloging agency: NUST
- Transcribing agency: NUST
100 ## - HEADING--PERSONAL NAME
- Personal name: Abbasi, Sohail
670 ## - SOURCE DATA FOUND
- Source citation: Work cat.: (NUST): Abbasi, Sohail, HR TURNOVER CHALLENGES FACED BY UNTANGLE SOLUTIONS:, 2014.
